All neighborhoods of Jersey City - Statistics

General Stats
  • This quiz has been taken 3 times
  • The average score is 12 of 50
Answer Stats
Answer % Correct
Communipaw
100%
Downtown
100%
Greenville
100%
Journal Square
100%
Mcginley Square
100%
The heights
100%
Country Village
50%
Country Village
50%
Exchange Place
50%
Grove Street
50%
Lincoln Park
50%
Newport
50%
Paulus Hook
50%
Port liberte
50%
Society Hill
50%
West Bergen
50%
West Side
50%
Begen-lafayette
0%
Bergen Hill
0%
Bergen Square
0%
Boyle Plaza
0%
Central Avenue
0%
Chelsea
0%
Claremont
0%
Colgate Center
0%
Croxton
0%
Curries Woods
0%
Droyer's point
0%
Five Corners
0%
Hackensack Riverfront
0%
Hamilton Park
0%
Harborside Financial Center
0%
Harsimus
0%
Hudson Waterfront
0%
India Square
0%
Jackson Hill
0%
Marion
0%
Powerhouse Arts District
0%
Riverbend
0%
Sparrow Hill
0%
The Hilltop
0%
The Island
0%
The junction
0%
The Village
0%
Transfer Station
0%
Van Vorst Park
0%
Waldo
0%
Washington Village
0%
West End
0%
Western Slope
0%
No matching quizzes found
Score Distribution
Percent of People with Each Score
Percentile by Number Answered
Your Score History
You have not taken this quiz